000 00548nam a2200157 a 4500
008 120416s1964 ||||||||||||||||| || u
050 _aHD 6664 Cle
100 _aClegg, Hugh Armstrong
245 1 2 _aA history of British trade unions since 1889
260 _aOxford
_bClarendon
_c1964
300 _aVol.1
350 _a0.00
650 _aLABOUR
650 _aLABOUR UNIONS--GREAT BRITAIN
995 _D0.00
_FCBU-MAIN LIBRARY (Kitwe)
_H1
_I0.00
_M1
_UAVAILABLE
_ZMain Library Open Access Collection
999 _c45585
_d45585